000 00610nmm a2200169Ia 4500
008 251105s9999||||xx |||||||||||||||||und||
020 _a9789586487351
041 _aspa
100 _aOcampo Villegas, María Cristina (ed.)
245 0 _aComunicación empresarial :
_b Plan estratégico como herramienta gerencial y nuevos retos del comunicador en las organizaciones
264 _a[Bogotá, Colombia] :
_bEcoe Ediciones,
_c2011
300 _a294 páginas
490 _aCiencias Administrativas
650 _aEconomics and Business
856 _uhttps://public.digitaliapublishing.com/a/29887
942 _cCF
999 _c95353
_d95353